|
|
|
|
| LEADER |
00612 a2200169 4500 |
| 008 |
130412b xxu||||| |||| 00| 0 mal d |
| 999 |
|
|
|c 98258
|d 98258
|
| 020 |
|
|
|a 9788130011322
|
| 082 |
|
|
|a 808.068
|
| 100 |
|
|
|a Sreedharan, Palliyara.
|
| 245 |
|
|
|a Ambarappikkunna ganitha shasthram /
|c Palliyara Sreedharan.
|
| 260 |
|
|
|a Kozhikode :
|b Poorna,
|c 2010
|
| 300 |
|
|
|a 48p. ;
|c 22 cm.
|
| 546 |
|
|
|a in malayalam
|
| 650 |
|
|
|a Children's literature
|x Mathematics
|
| 942 |
|
|
|c BK
|
| 952 |
|
|
|0 0
|1 0
|4 0
|6 808_068000000000000_SRE_A_M
|7 0
|9 97692
|a UL
|b UL
|c ST1
|d 2013-01-31
|e 2
|g 24.50
|l 7
|m 4
|o 808.068 SRE/A M
|p 87948
|r 2019-08-04
|s 2019-06-22
|v 35.00
|y BK
|